01130 a2200181 45000010006000000050017000060080041000230030015000640400040000790800057001192450030001762640037002063000017002435050630002600410008008901000033008987000017009316098220260407155900.0260407a1968 arg spa dAR-UNSa-BCEJYS aAR-UNSa-BCEJYSbspacAR-UNSa-BCEJYS a343.13xProcedimiento penal. Derecho procesal penal 10aProcedimiento penal mixto 1aBuenos Aires :bPlus Ultrac1968 a3 v.c23 cm. a1. Disposiciones Generales: 1. Garantías fundamentales, interpretación y aplicación de la ley – 2. Acciones que nacen del delito – 3. El juez – 4. Las partes y los defensores – 5. Actos procesales – 2. Introducción: 1. Actos iniciales – 2. Disposiciones generales sobre la instrucción – 3. Medios de prueba – 4. Situación del imputado – 5. Sobreseimiento – 6. Excepciones – 7. Clausura de la instrucción y elevación a juicio – 3. Juicios, Recursos, Ejecución: 1. Juicio común – 2. Juicios especiales – 3. Recursos – 4. Ejecución penal – 5. Ejecución civil – 6. Costas aspa1 aVázquez Iruzubieta, Carlos1 aCastro, R.A.